Les 50 plus grandes villes d'Afrique (sur une carte) - Statistiques

Statistiques générales
  • Ce quiz a été pris 1 038 fois
  • Le résultat moyen est 29 sur 50
Réponses sur la Carte
Les réponses sont colorées sur une échelle allant du rouge au vert en fonction du pourcentage des utilisateurs qui les ont devinées à leur premier essai. Vous pouvez retrouver ces pourcentages ci-dessous.
 
Statistiques - réponses
Population Ville Pays % Correct
7,8 m Alger Algérie
98%
24,4 m Le Caire Égypte
95%
2,7 m Tunis Tunisie
93%
12,6 m Kinshasa République démocratique du Congo
91%
3,7 m Dakar Sénégal
90%
2,2 m Rabat Maroc
90%
14,7 m Gauteng (Johannesbourg-Pretoria) Afrique du Sud
88%
4,3 m Casablanca Maroc
87%
4,0 m Le Cap Afrique du Sud
87%
22,8 m Lagos Nigeria
86%
4,4 m Bamako Mali
85%
7,6 m Nairobi Kenya
82%
2,4 m Tripoli Libye
82%
4,7 m Abidjan Côte d'Ivoire
80%
1,8 m Brazzaville Congo
80%
8,5 m Khartoum Soudan
79%
4,6 m Addis-Abeba Éthiopie
78%
5,3 m Alexandrie Égypte
77%
3,2 m Antananarivo Madagascar
76%
9,2 m Luanda Angola
76%
2,8 m Yaoundé Cameroun
76%
5,4 m Accra Ghana
74%
2,1 m Lomé Togo
68%
5,6 m Dar es Salaam Tanzanie
67%
1,9 m Ndjamena Tchad
67%
3,0 m Ouagadougou Burkina Faso
67%
2,3 m Conakry Guinée
65%
1,6 m Freetown Sierra Leone
64%
2,3 m Mogadiscio Somalie
64%
3,5 m Harare Zimbabwe
60%
4,1 m Kampala Ouganda
59%
2,6 m Maputo Mozambique
59%
3,1 m Lusaka Zambie
55%
1,7 m Monrovia Liberia
51%
2,8 m Douala Cameroun
46%
2,6 m Lilongwe Malawi
45%
5,0 m Kano Nigeria
44%
3,7 m Durban Afrique du Sud
43%
2,4 m Cotonou Bénin
40%
5,9 m Ibadan Nigeria
26%
2,1 m Lubumbashi République démocratique du Congo
20%
2,6 m Benin City Nigeria
18%
2,3 m Port Harcourt Nigeria
16%
2,5 m Kumasi Ghana
15%
3,4 m Mbuji-Mayi République démocratique du Congo
9%
1,6 m Kisangani République démocratique du Congo
8%
1,7 m Aba Nigeria
6%
2,2 m Kaduna Nigeria
6%
1,7 m Onitsha Nigeria
3%
2,1 m Osogbo Nigeria
1%
Aucun quiz correspondant
Distribution des résultats
% des personnes avec chaque résultat
Percentile par nombre de réponses
Votre historique - résultats
Vous n’avez pas pris ce quiz